Musical Instrument Quiz - Statistics

General Stats
  • This quiz has been taken 75 times
  • The average score is 15 of 27
Answer Stats
Answer % Correct
Bass
86%
Violin
86%
Cello
83%
Clarinet
83%
Flute
82%
Trumpet
80%
Tuba
79%
Trombone
77%
Viola
74%
Oboe
73%
Piano
70%
Saxophone
68%
French Horn
67%
Bassoon
64%
Harp
58%
Guitar
56%
Piccolo
55%
Timpani
55%
Drums
50%
Triangle
48%
Euphonium
36%
Cymbals
30%
Harmonica
20%
Accordion
17%
Ukulele
11%
Bagpipes
8%
Didgeridoo
5%
No matching quizzes found
Score Distribution
Percent of People with Each Score
Percentile by Number Answered
Your Score History
You have not taken this quiz